[Event "Wroclaw"]
[Site "?"]
[Date "2020.08.27"]
[Round "6.8"]
[White "Warchol, Bartosz"]
[Black "Galuszka, Tomasz"]
[Result "0-1"]
[BlackElo "1943"]
[WhiteElo "1697"]
[LiveChessVersion "1.4.8"]

1. d4 {[%clk 0:03:02]} d5 {[%clk 0:03:03]} 2. c4 {[%clk 0:03:03]} c6
{[%clk 0:03:04]} 3. Nf3 {[%clk 0:03:03]} Nf6 {[%clk 0:03:04]} 4. Nc3
{[%clk 0:03:03]} e6 {[%clk 0:03:05]} 5. e3 {[%clk 0:03:01]} Nbd7 {[%clk 0:03:06]}
6. Qc2 {[%clk 0:03:02]} Bd6 {[%clk 0:03:06]} 7. Bd3 {[%clk 0:02:59]} O-O
{[%clk 0:03:06]} 8. O-O {[%clk 0:02:56]} Qe7 {[%clk 0:03:06]} 9. e4
{[%clk 0:02:48]} dxc4 {[%clk 0:03:03]} 10. Bxc4 {[%clk 0:02:45]} e5
{[%clk 0:03:04]} 11. d5 {[%clk 0:02:35]} h6 {[%clk 0:02:54]} 12. Rd1
{[%clk 0:02:29]} Nb6 {[%clk 0:02:55]} 13. Bb3 {[%clk 0:02:28]} Bg4
{[%clk 0:02:53]} 14. Be3 {[%clk 0:01:59]} c5 {[%clk 0:02:41]} 15. Nb5
{[%clk 0:01:48]} Nfd7 {[%clk 0:02:35]} 16. Rac1 {[%clk 0:01:46]} Rfc8
{[%clk 0:02:27]} 17. a4 {[%clk 0:01:35]} a5 {[%clk 0:01:05]} 18. Bc4
{[%clk 0:01:26]} Nxc4 {[%clk 0:00:53]} 19. Qxc4 {[%clk 0:01:25]} b6
{[%clk 0:00:54]} 20. Re1 {[%clk 0:00:45]} Bxf3 {[%clk 0:00:52]} 21. gxf3
{[%clk 0:00:46]} Nf8 {[%clk 0:00:52]} 22. Kh1 {[%clk 0:00:36]} Ng6
{[%clk 0:00:47]} 23. Rg1 {[%clk 0:00:37]} Kh7 {[%clk 0:00:47]} 24. Rg3
{[%clk 0:00:36]} Rg8 {[%clk 0:00:44]} 25. Rcg1 {[%clk 0:00:35]} Rad8
{[%clk 0:00:45]} 26. Qf1 {[%clk 0:00:34]} Qh4 {[%clk 0:00:18]} 27. Qg2
{[%clk 0:00:28]} Rd7 {[%clk 0:00:16]} 28. Rxg6 {[%clk 0:00:13]} fxg6
{[%clk 0:00:17]} 29. Qxg6+ {[%clk 0:00:14]} Kh8 {[%clk 0:00:18]} 30. Nxd6
{[%clk 0:00:15]} Rf8 {[%clk 0:00:12]} 31. Nf5 {[%clk 0:00:12]} Qh3
{[%clk 0:00:12]} 32. Qg3 {[%clk 0:00:04]} Qh5 {[%clk 0:00:06]} 33. Nh4
{[%clk 0:00:03]} Kh7 {[%clk 0:00:06]} 34. Nf5 {[%clk 0:00:04]} Kh8
{[%clk 0:00:07]} 35. Rg2 {[%clk 0:00:04]} Rff7 {[%clk 0:00:07]} 36. f4
{[%clk 0:00:04]} Qd1+ {[%clk 0:00:08]} 37. Rg1 {[%clk 0:00:05]} Qd3
{[%clk 0:00:04]} 38. fxe5 {[%clk 0:00:06]} Qxe4+ 39. Qg2 {[%clk 0:00:05]} Qxe5
{[%clk 0:00:05]} 40. Nh4 {[%clk 0:00:05]} Qxd5 {[%clk 0:00:05]} 41. Ng6+
{[%clk 0:00:06]} Kh7 {[%clk 0:00:06]} 42. Bc1 {[%clk 0:00:04]} Qxg2+
{[%clk 0:00:06]} 43. Rxg2 {[%clk 0:00:04]} Rd1+ {[%clk 0:00:07]} 44. Rg1
{[%clk 0:00:04]} Rxg1+ {[%clk 0:00:08]} 45. Kxg1 {[%clk 0:00:05]} Kxg6
{[%clk 0:00:09]} 0-1

[Event "Wroclaw"]
[Site "?"]
[Date "2020.08.27"]
[Round "6.9"]
[White "Iwanczuk, Krzysztof"]
[Black "Kozak, Antoni"]
[Result "0-1"]
[BlackElo "2320"]
[WhiteElo "1799"]
[LiveChessVersion "1.4.8"]

1. e4 {[%clk 0:03:03]} c5 {[%clk 0:03:01]} 2. Nf3 {[%clk 0:03:04]} d6
{[%clk 0:03:02]} 3. d4 {[%clk 0:03:05]} Nf6 {[%clk 0:03:03]} 4. Nc3
{[%clk 0:03:06]} cxd4 {[%clk 0:03:04]} 5. Nxd4 {[%clk 0:03:07]} a6
{[%clk 0:03:05]} 6. a3 {[%clk 0:03:09]} g6 {[%clk 0:02:57]} 7. Be3
{[%clk 0:03:09]} Bg7 {[%clk 0:02:58]} 8. f3 {[%clk 0:03:09]} O-O {[%clk 0:02:58]}
9. Qd2 {[%clk 0:03:10]} Nc6 {[%clk 0:02:49]} 10. O-O-O {[%clk 0:03:09]} d5
{[%clk 0:02:50]} 11. Nxc6 {[%clk 0:02:42]} bxc6 {[%clk 0:02:51]} 12. exd5
{[%clk 0:02:43]} cxd5 {[%clk 0:02:52]} 13. Nxd5 {[%clk 0:02:41]} Bf5
{[%clk 0:01:53]} 14. Nxf6+ {[%clk 0:02:19]} Bxf6 {[%clk 0:01:53]} 15. Qxd8
{[%clk 0:02:17]} Rfxd8 {[%clk 0:01:54]} 16. Rxd8+ {[%clk 0:02:13]} Rxd8
{[%clk 0:01:55]} 17. Bxa6 {[%clk 0:02:13]} Rb8 {[%clk 0:01:46]} 18. c3
{[%clk 0:02:04]} Bxc3 {[%clk 0:01:43]} 19. b4 {[%clk 0:01:33]} e5
{[%clk 0:01:04]} 20. Rd1 {[%clk 0:01:27]} e4 {[%clk 0:01:05]} 21. g4
{[%clk 0:00:56]} Be6 {[%clk 0:01:03]} 22. fxe4 {[%clk 0:00:29]} Bxg4
{[%clk 0:01:04]} 23. Rd3 {[%clk 0:00:25]} Be5 {[%clk 0:01:05]} 24. Rd2
{[%clk 0:00:18]} h5 {[%clk 0:00:38]} 25. b5 {[%clk 0:00:19]} Bf3 {[%clk 0:00:33]}
26. Ba7 {[%clk 0:00:09]} Re8 {[%clk 0:00:21]} 27. Kc2 {[%clk 0:00:04]} Bxe4+
{[%clk 0:01:19]} 28. Kb3 {[%clk 0:00:05]} h4 {[%clk 0:00:49]} 29. b6
{[%clk 0:00:06]} Bf4 {[%clk 0:00:44]} 30. Rd4 {[%clk 0:00:06]} Be3
{[%clk 0:00:42]} 31. Rd7 {[%clk 0:00:06]} Re6 {[%clk 0:00:30]} 32. Bc4
{[%clk 0:00:07]} Rf6 {[%clk 0:00:27]} 33. Re7 {[%clk 0:00:04]} Bxb6
{[%clk 0:00:23]} 0-1

[Event "Wroclaw"]
[Site "?"]
[Date "2020.08.27"]
[Round "6.10"]
[White "Psyk, Radoslaw"]
[Black "Posluszny, Tomasz"]
[Result "1-0"]
[BlackElo "1786"]
[WhiteElo "2288"]
[LiveChessVersion "1.4.8"]

1. e4 {[%clk 0:03:03]} e5 {[%clk 0:03:04]} 2. Nf3 {[%clk 0:03:04]} Nc6
{[%clk 0:03:05]} 3. Bb5 {[%clk 0:03:05]} a6 {[%clk 0:03:06]} 4. Ba4
{[%clk 0:03:06]} g6 {[%clk 0:03:06]} 5. O-O {[%clk 0:03:03]} Bg7 {[%clk 0:03:07]}
6. c3 {[%clk 0:03:01]} d6 {[%clk 0:03:09]} 7. d4 Bd7 8. d5 {[%clk 0:02:43]} Nce7
{[%clk 0:03:11]} 9. c4 {[%clk 0:02:44]} Nf6 {[%clk 0:02:52]} 10. Nc3
{[%clk 0:02:44]} O-O {[%clk 0:02:50]} 11. Bxd7 {[%clk 0:02:42]} Nxd7
{[%clk 0:02:50]} 12. Be3 {[%clk 0:02:32]} b6 {[%clk 0:02:49]} 13. b4
{[%clk 0:02:31]} h6 {[%clk 0:02:42]} 14. Nd2 {[%clk 0:02:24]} f5 {[%clk 0:02:42]}
15. f3 {[%clk 0:02:25]} f4 {[%clk 0:02:17]} 16. Bf2 {[%clk 0:02:26]} a5
{[%clk 0:02:16]} 17. a3 {[%clk 0:02:18]} g5 {[%clk 0:02:08]} 18. Nb3
{[%clk 0:02:14]} Nf6 {[%clk 0:01:58]} 19. c5 {[%clk 0:02:04]} h5 {[%clk 0:01:52]}
20. Nb5 {[%clk 0:01:23]} bxc5 {[%clk 0:01:45]} 21. bxc5 {[%clk 0:01:24]} a4
{[%clk 0:01:27]} 22. Nd2 {[%clk 0:01:25]} Rf7 {[%clk 0:01:13]} 23. Nc4
{[%clk 0:01:22]} Nc8 {[%clk 0:01:09]} 24. c6 {[%clk 0:01:10]} g4 {[%clk 0:01:07]}
25. Bh4 {[%clk 0:01:10]} Na7 {[%clk 0:00:57]} 26. Nxa7 {[%clk 0:01:04]} Rxa7 27.
Rb1 Qa8 {[%clk 0:00:51]} 28. Bxf6 {[%clk 0:01:03]} Rxf6 {[%clk 0:00:50]} 29. fxg4
{[%clk 0:01:04]} Qe8 {[%clk 0:00:26]} 30. Rb7 {[%clk 0:00:55]} Ra8
{[%clk 0:00:12]} 31. Rxc7 {[%clk 0:00:55]} Qg6 {[%clk 0:00:09]} 32. gxh5
{[%clk 0:00:47]} Qxe4 {[%clk 0:00:11]} 33. Qg4 {[%clk 0:00:42]} Rf7
{[%clk 0:00:07]} 34. Rxf7 {[%clk 0:00:43]} Kxf7 {[%clk 0:00:08]} 35. Nxd6+
{[%clk 0:00:43]} 1-0

[Event "Wroclaw"]
[Site "?"]
[Date "2020.08.27"]
[Round "6.11"]
[White "Golenia, Wojciech"]
[Black "Pytel, Maciej"]
[Result "1-0"]
[BlackElo "1867"]
[WhiteElo "1981"]
[LiveChessVersion "1.4.8"]

1. d4 {[%clk 0:03:02]} Nf6 {[%clk 0:03:02]} 2. Bf4 {[%clk 0:03:03]} d5
{[%clk 0:02:55]} 3. e3 {[%clk 0:03:03]} e6 {[%clk 0:02:46]} 4. Nf3
{[%clk 0:03:02]} Bd6 {[%clk 0:02:47]} 5. Bg3 {[%clk 0:03:03]} b6 {[%clk 0:02:42]}
6. Nbd2 {[%clk 0:03:01]} Bb7 {[%clk 0:02:42]} 7. c3 {[%clk 0:02:36]} Ne4
{[%clk 0:02:38]} 8. Nxe4 {[%clk 0:02:32]} dxe4 {[%clk 0:02:39]} 9. Ne5
{[%clk 0:02:31]} Bxe5 {[%clk 0:02:32]} 10. Bxe5 {[%clk 0:02:26]} f6
{[%clk 0:02:21]} 11. Bg3 {[%clk 0:02:15]} O-O {[%clk 0:02:20]} 12. Bc4
{[%clk 0:02:13]} Bd5 {[%clk 0:02:16]} 13. Be2 {[%clk 0:02:03]} Nd7
{[%clk 0:02:05]} 14. c4 {[%clk 0:02:03]} Bb7 {[%clk 0:02:05]} 15. O-O
{[%clk 0:02:02]} Kh8 {[%clk 0:01:57]} 16. Qb3 {[%clk 0:01:55]} c5
{[%clk 0:01:40]} 17. Rfd1 {[%clk 0:01:53]} Qe7 {[%clk 0:01:29]} 18. Qa3
{[%clk 0:01:22]} e5 {[%clk 0:01:20]} 19. d5 {[%clk 0:00:44]} Qd6 {[%clk 0:01:21]}
20. Rab1 {[%clk 0:00:40]} f5 {[%clk 0:01:19]} 21. f4 {[%clk 0:00:37]} exf3
{[%clk 0:01:12]} 22. Bxf3 {[%clk 0:00:38]} f4 {[%clk 0:01:04]} 23. exf4
{[%clk 0:00:38]} exf4 {[%clk 0:01:05]} 24. Bf2 {[%clk 0:00:36]} Ne5
{[%clk 0:01:05]} 25. Qc3 {[%clk 0:00:15]} Rae8 {[%clk 0:01:02]} 26. b4
{[%clk 0:00:14]} cxb4 {[%clk 0:01:00]} 27. Qxb4 {[%clk 0:00:13]} Qg6
{[%clk 0:00:27]} 28. Kh1 {[%clk 0:00:11]} Nd3 {[%clk 0:00:22]} 29. Qd2
{[%clk 0:00:09]} Nxf2+ {[%clk 0:00:21]} 30. Qxf2 {[%clk 0:00:11]} Re3
{[%clk 0:00:16]} 31. c5 {[%clk 0:00:12]} Ba6 {[%clk 0:00:06]} 32. c6
{[%clk 0:00:13]} Bd3 {[%clk 0:00:07]} 33. Rbc1 {[%clk 0:00:13]} Qd6
{[%clk 0:00:06]} 34. Bg4 {[%clk 0:00:11]} Ba6 {[%clk 0:00:04]} 35. c7
{[%clk 0:00:12]} Bc8 {[%clk 0:00:04]} 36. Bf3 {[%clk 0:00:09]} Rf7
{[%clk 0:00:04]} 37. Rc6 {[%clk 0:00:09]} Qb4 {[%clk 0:00:04]} 38. d6
{[%clk 0:00:10]} 1-0

[Event "Wroclaw"]
[Site "?"]
[Date "2020.08.27"]
[Round "7.1"]
[White "Teclaf, Pawel"]
[Black "Kokoszczynski, Jan"]
[Result "1-0"]
[BlackElo "2163"]
[WhiteElo "2383"]
[LiveChessVersion "1.4.8"]

1. Nf3 {[%clk 0:03:03]} d5 {[%clk 0:03:04]} 2. b3 {[%clk 0:03:04]} Nf6
{[%clk 0:02:59]} 3. Bb2 {[%clk 0:03:06]} c5 {[%clk 0:02:59]} 4. e3
{[%clk 0:03:06]} Bf5 {[%clk 0:02:48]} 5. Bb5+ {[%clk 0:02:57]} Nfd7
{[%clk 0:02:49]} 6. O-O {[%clk 0:02:54]} a6 {[%clk 0:02:48]} 7. Be2
{[%clk 0:02:53]} e6 {[%clk 0:02:49]} 8. c4 {[%clk 0:02:54]} Nc6 {[%clk 0:02:28]}
9. cxd5 {[%clk 0:02:56]} exd5 {[%clk 0:02:29]} 10. d4 {[%clk 0:02:57]} Nf6
{[%clk 0:02:14]} 11. Nc3 {[%clk 0:02:58]} Be7 {[%clk 0:02:08]} 12. dxc5
{[%clk 0:02:59]} Bxc5 {[%clk 0:02:08]} 13. Rc1 {[%clk 0:03:01]} Ba7
{[%clk 0:02:03]} 14. Ba3 {[%clk 0:03:02]} Qa5 {[%clk 0:01:57]} 15. Na4
{[%clk 0:02:50]} Bg4 {[%clk 0:01:30]} 16. Nd4 {[%clk 0:02:30]} Bxe2
{[%clk 0:01:30]} 17. Qxe2 {[%clk 0:02:26]} Rc8 {[%clk 0:01:10]} 18. Nf5
{[%clk 0:02:25]} Kd7 {[%clk 0:00:51]} 19. Nd6 {[%clk 0:02:20]} Rc7
{[%clk 0:00:42]} 20. Qf3 {[%clk 0:02:08]} d4 {[%clk 0:00:37]} 21. Qh3+
{[%clk 0:02:05]} Kd8 {[%clk 0:00:29]} 22. Nxb7+ {[%clk 0:02:02]} Rxb7
{[%clk 0:00:25]} 23. Rxc6 {[%clk 0:02:03]} Rd7 {[%clk 0:00:24]} 24. exd4
{[%clk 0:01:49]} Bxd4 {[%clk 0:00:25]} 25. Qg3 {[%clk 0:01:50]} Re8
{[%clk 0:00:24]} 26. Qb8# {[%clk 0:01:47]} 1-0

[Event "Wroclaw"]
[Site "?"]
[Date "2020.08.27"]
[Round "7.2"]
[White "Galuszka, Tomasz"]
[Black "Godzwon, Iwo"]
[Result "1-0"]
[BlackElo "2193"]
[WhiteElo "1943"]
[LiveChessVersion "1.4.8"]

1. e4 {[%clk 0:03:02]} c5 {[%clk 0:03:03]} 2. Nf3 {[%clk 0:03:03]} e6
{[%clk 0:03:04]} 3. Nc3 {[%clk 0:03:02]} a6 {[%clk 0:03:05]} 4. d4
{[%clk 0:03:02]} cxd4 {[%clk 0:03:06]} 5. Nxd4 {[%clk 0:03:03]} Nc6
{[%clk 0:03:08]} 6. g3 {[%clk 0:02:49]} d6 {[%clk 0:03:09]} 7. Bg2
{[%clk 0:02:49]} Bd7 {[%clk 0:03:10]} 8. O-O {[%clk 0:02:49]} Nf6
{[%clk 0:03:11]} 9. Be3 {[%clk 0:02:49]} Be7 {[%clk 0:03:13]} 10. a4
{[%clk 0:02:50]} O-O {[%clk 0:03:12]} 11. Nxc6 {[%clk 0:02:50]} Bxc6
{[%clk 0:03:13]} 12. a5 {[%clk 0:02:51]} Rc8 {[%clk 0:03:10]} 13. Bb6
{[%clk 0:02:49]} Qe8 {[%clk 0:03:08]} 14. Re1 {[%clk 0:02:39]} Nd7
{[%clk 0:03:10]} 15. Be3 {[%clk 0:02:22]} Ne5 {[%clk 0:02:58]} 16. Qe2
{[%clk 0:02:12]} f5 {[%clk 0:02:56]} 17. f4 {[%clk 0:02:06]} Ng4 {[%clk 0:02:53]}
18. exf5 {[%clk 0:01:56]} exf5 {[%clk 0:02:24]} 19. Bd4 {[%clk 0:01:48]} Bf6
{[%clk 0:02:21]} 20. Bxf6 {[%clk 0:01:42]} Nxf6 {[%clk 0:02:20]} 21. Qxe8
{[%clk 0:01:07]} Rfxe8 {[%clk 0:02:21]} 22. Rxe8+ {[%clk 0:01:01]} Nxe8
{[%clk 0:02:22]} 23. Nd5 {[%clk 0:00:53]} Kf8 {[%clk 0:02:16]} 24. c4
{[%clk 0:00:47]} Nc7 {[%clk 0:02:03]} 25. Ne3 {[%clk 0:00:40]} Bxg2
{[%clk 0:01:56]} 26. Kxg2 {[%clk 0:00:40]} g6 {[%clk 0:01:55]} 27. Rd1
{[%clk 0:00:40]} Ke7 {[%clk 0:01:56]} 28. Kf3 {[%clk 0:00:40]} Ke6
{[%clk 0:01:35]} 29. b3 {[%clk 0:00:35]} Ne8 {[%clk 0:01:17]} 30. Nd5
{[%clk 0:00:36]} Nf6 {[%clk 0:01:17]} 31. Re1+ {[%clk 0:00:36]} Ne4
{[%clk 0:01:18]} 32. Nc3 {[%clk 0:00:34]} Rc5 {[%clk 0:01:19]} 33. Nxe4
{[%clk 0:00:34]} fxe4+ {[%clk 0:01:20]} 34. Rxe4+ {[%clk 0:00:31]} Kd7
{[%clk 0:01:21]} 35. b4 {[%clk 0:00:33]} Rf5 {[%clk 0:01:15]} 36. g4
{[%clk 0:00:32]} Rf8 {[%clk 0:01:16]} 37. Ke3 {[%clk 0:00:31]} Rf7
{[%clk 0:01:13]} 38. Kd4 {[%clk 0:00:32]} Kc6 {[%clk 0:01:14]} 39. h3
{[%clk 0:00:30]} Rf8 {[%clk 0:01:11]} 40. Ke3 {[%clk 0:00:30]} Rf7
{[%clk 0:01:13]} 41. Re8 {[%clk 0:00:29]} Kd7 {[%clk 0:01:14]} 42. Re4
{[%clk 0:00:26]} Kc6 {[%clk 0:01:15]} 43. Kf3 {[%clk 0:00:24]} b6
{[%clk 0:00:55]} 44. axb6 {[%clk 0:00:23]} Kxb6 {[%clk 0:00:57]} 45. Re6
{[%clk 0:00:22]} Kc7 {[%clk 0:00:57]} 46. Ke4 {[%clk 0:00:22]} Kd7 47. f5
{[%clk 0:00:23]} gxf5+ {[%clk 0:00:59]} 48. gxf5 {[%clk 0:00:25]} Rf8
{[%clk 0:00:58]} 49. Rh6 {[%clk 0:00:24]} Re8+ {[%clk 0:00:57]} 50. Kd4
{[%clk 0:00:26]} Re7 {[%clk 0:00:57]} 51. h4 {[%clk 0:00:21]} Kc7
{[%clk 0:00:54]} 52. Re6 {[%clk 0:00:20]} Rf7 {[%clk 0:00:54]} 53. f6
{[%clk 0:00:21]} Kd7 {[%clk 0:00:53]} 54. Kd5 {[%clk 0:00:22]} Rf8
{[%clk 0:00:53]} 55. Rxd6+ {[%clk 0:00:23]} Kc7 {[%clk 0:00:54]} 56. Rxa6
{[%clk 0:00:24]} 1-0

[Event "Wroclaw"]
[Site "?"]
[Date "2020.08.27"]
[Round "7.3"]
[White "Pelka, Michal"]
[Black "Mis, Mieszko"]
[Result "0-1"]
[BlackElo "2370"]
[WhiteElo "1658"]
[LiveChessVersion "1.4.8"]

1. e4 {[%clk 0:03:03]} g6 {[%clk 0:03:03]} 2. d4 {[%clk 0:03:00]} Bg7
{[%clk 0:03:05]} 3. Nc3 {[%clk 0:02:51]} a6 {[%clk 0:03:06]} 4. a4
{[%clk 0:02:52]} d6 {[%clk 0:03:07]} 5. Be3 {[%clk 0:02:50]} Nf6 {[%clk 0:02:48]}
6. f3 {[%clk 0:02:47]} Nc6 {[%clk 0:02:40]} 7. Bc4 {[%clk 0:02:45]} O-O
{[%clk 0:02:38]} 8. Nge2 {[%clk 0:02:46]} e6 {[%clk 0:02:32]} 9. O-O
{[%clk 0:02:36]} d5 {[%clk 0:02:30]} 10. Bb3 {[%clk 0:02:31]} dxe4
{[%clk 0:02:24]} 11. Nxe4 {[%clk 0:02:31]} Nd5 {[%clk 0:02:12]} 12. Bf2
{[%clk 0:02:29]} b6 {[%clk 0:02:13]} 13. c4 {[%clk 0:02:21]} Nde7
{[%clk 0:02:14]} 14. Qd2 {[%clk 0:02:04]} Bb7 {[%clk 0:02:10]} 15. Rfd1
{[%clk 0:02:04]} Qd7 {[%clk 0:01:54]} 16. Rac1 {[%clk 0:01:35]} Rad8
{[%clk 0:01:48]} 17. Ba2 {[%clk 0:01:29]} a5 {[%clk 0:01:33]} 18. Qe1
{[%clk 0:00:53]} Nf5 {[%clk 0:01:25]} 19. d5 {[%clk 0:00:44]} Nb4
{[%clk 0:01:18]} 20. dxe6 {[%clk 0:00:19]} Qxe6 {[%clk 0:01:19]} 21. Bb3
{[%clk 0:00:20]} Bxe4 {[%clk 0:01:09]} 22. fxe4 {[%clk 0:00:19]} Qxe4
{[%clk 0:01:10]} 23. Nc3 {[%clk 0:00:14]} Qxe1+ 24. Bxe1 {[%clk 0:00:15]} Nd3
{[%clk 0:01:09]} 25. Rc2 {[%clk 0:00:09]} Ne3 {[%clk 0:01:11]} 26. Rcd2
{[%clk 0:00:09]} Nxd1 {[%clk 0:01:11]} 27. Bxd1 {[%clk 0:00:09]} Nxe1
{[%clk 0:01:10]} 0-1

[Event "Wroclaw"]
[Site "?"]
[Date "2020.08.27"]
[Round "7.4"]
[White "Nowak, Mikolaj"]
[Black "Szpar, Milosz"]
[Result "0-1"]
[BlackElo "2275"]
[WhiteElo "1875"]
[LiveChessVersion "1.4.8"]

1. d4 Nf6 2. c4 e6 3. Nc3 Bb4 4. Bf4 Bxc3+ 5. bxc3 d6 6. e3 Qe7 7. Nf3 Nbd7 8.
Nd2 e5 9. Bg3 O-O 10. Bd3 Re8 11. O-O Nf8 12. Kh1 Ng6 13. h3 e4 14. Bc2 h5 15. a4
a5 16. Re1 Bf5 17. Rb1 b6 18. Rb5 Qd7 19. Kh2 h4 20. Bf4 Rab8 21. f3 c6 22. Rxf5
Qxf5 23. fxe4 Qd7 24. Bg5 Nh7 25. Bf4 Re6 26. Rf1 Rbe8 27. Qe1 Qe7 28. Kh1 Ng5
29. Qf2 f6 30. Qe1 Qd7 31. Bh2 d5 32. cxd5 cxd5 33. e5 fxe5 34. Bxg6 Rxg6 35.
Bxe5 Nxh3 36. Qxh4 Rh6 37. Qxh6 gxh6 38. gxh3 Qxh3+ 39. Kg1 Rxe5 40. dxe5 Qxe3+
41. Rf2 Qxe5 42. Rg2+ Kh7 0-1

[Event "Wroclaw"]
[Site "?"]
[Date "2020.08.27"]
[Round "7.5"]
[White "Kozak, Antoni"]
[Black "Zerebiec, Maurycy"]
[Result "0-1"]
[BlackElo "1920"]
[WhiteElo "2320"]
[LiveChessVersion "1.4.8"]

1. d4 {[%clk 0:03:03]} d5 2. c4 {[%clk 0:03:04]} c6 {[%clk 0:03:02]} 3. Nf3
{[%clk 0:03:03]} e6 {[%clk 0:03:03]} 4. Nbd2 {[%clk 0:03:01]} f5 {[%clk 0:02:57]}
5. g3 {[%clk 0:02:58]} Nf6 {[%clk 0:02:57]} 6. Bg2 {[%clk 0:02:59]} Bd6
{[%clk 0:02:58]} 7. O-O {[%clk 0:02:59]} O-O {[%clk 0:02:57]} 8. b3
{[%clk 0:02:57]} Bd7 {[%clk 0:02:51]} 9. Ne5 {[%clk 0:02:45]} Be8
{[%clk 0:02:51]} 10. Nd3 {[%clk 0:02:46]} Bh5 {[%clk 0:02:46]} 11. Nf3
{[%clk 0:02:37]} Bxf3 {[%clk 0:02:46]} 12. exf3 {[%clk 0:02:38]} Nbd7
{[%clk 0:02:43]} 13. Re1 {[%clk 0:02:37]} Re8 {[%clk 0:02:44]} 14. Bf4
{[%clk 0:02:37]} Bxf4 {[%clk 0:02:42]} 15. Nxf4 {[%clk 0:02:38]} e5
{[%clk 0:02:32]} 16. dxe5 {[%clk 0:02:34]} Nxe5 {[%clk 0:02:26]} 17. cxd5
{[%clk 0:02:34]} Nxd5 {[%clk 0:02:26]} 18. Nxd5 {[%clk 0:02:33]} Qxd5
{[%clk 0:02:26]} 19. Qxd5+ {[%clk 0:02:31]} cxd5 {[%clk 0:02:26]} 20. f4
{[%clk 0:02:32]} Nc6 {[%clk 0:02:14]} 21. Bxd5+ {[%clk 0:02:31]} Kf8
{[%clk 0:02:15]} 22. Kf1 {[%clk 0:02:21]} g6 {[%clk 0:02:03]} 23. Bxc6
{[%clk 0:02:21]} bxc6 {[%clk 0:02:03]} 24. Rac1 {[%clk 0:02:21]} Rxe1+
{[%clk 0:01:58]} 25. Kxe1 {[%clk 0:02:21]} Rc8 {[%clk 0:01:59]} 26. Kd2
{[%clk 0:02:16]} Ke7 {[%clk 0:02:00]} 27. Kd3 {[%clk 0:02:17]} Kd6
{[%clk 0:02:01]} 28. Re1 {[%clk 0:02:17]} c5 {[%clk 0:01:54]} 29. Re5
{[%clk 0:02:08]} Rb8 {[%clk 0:01:53]} 30. f3 {[%clk 0:02:06]} a5 {[%clk 0:01:44]}
31. Kc3 {[%clk 0:02:01]} Rb7 {[%clk 0:01:24]} 32. Re8 {[%clk 0:02:01]} Ra7
{[%clk 0:01:17]} 33. a4 {[%clk 0:01:59]} Rb7 {[%clk 0:01:18]} 34. Ra8
{[%clk 0:01:58]} Re7 {[%clk 0:01:17]} 35. Rxa5 {[%clk 0:01:56]} Re2
{[%clk 0:01:18]} 36. Ra8 {[%clk 0:01:32]} Rxh2 {[%clk 0:01:15]} 37. a5
{[%clk 0:01:33]} Rg2 {[%clk 0:01:05]} 38. Kc4 {[%clk 0:00:45]} Kc6
{[%clk 0:01:06]} 39. Rc8+ {[%clk 0:00:34]} Kb7 {[%clk 0:01:06]} 40. Rxc5
{[%clk 0:00:35]} Rxg3 {[%clk 0:01:05]} 41. b4 {[%clk 0:00:35]} Rxf3
{[%clk 0:01:06]} 42. Kb5 {[%clk 0:00:34]} Rxf4 {[%clk 0:00:50]} 43. a6+
{[%clk 0:00:35]} Kb8 {[%clk 0:00:51]} 44. Ka5 {[%clk 0:00:21]} h5
{[%clk 0:00:37]} 45. b5 {[%clk 0:00:20]} Re4 {[%clk 0:00:27]} 46. Rd5
{[%clk 0:00:17]} Re1 {[%clk 0:00:25]} 47. b6 {[%clk 0:00:07]} Ra1+
{[%clk 0:00:22]} 48. Kb5 {[%clk 0:00:07]} Rb1+ {[%clk 0:00:23]} 49. Kc6
{[%clk 0:00:08]} Rc1+ {[%clk 0:00:24]} 50. Kb5 {[%clk 0:00:05]} Rb1+
{[%clk 0:00:25]} 51. Kc5 {[%clk 0:00:05]} Rc1+ {[%clk 0:00:26]} 52. Kd6
{[%clk 0:00:06]} h4 {[%clk 0:00:28]} 53. a7+ {[%clk 0:00:06]} Kb7
{[%clk 0:00:29]} 54. Ra5 {[%clk 0:00:07]} Rc8 {[%clk 0:00:28]} 55. Kd7
{[%clk 0:00:04]} Ra8 {[%clk 0:00:22]} 56. Rb5 {[%clk 0:00:04]} h3
{[%clk 0:00:22]} 57. Rb2 {[%clk 0:00:05]} g5 {[%clk 0:00:23]} 58. Ke6
{[%clk 0:00:06]} g4 {[%clk 0:00:21]} 59. Rh2 {[%clk 0:00:07]} f4 {[%clk 0:00:20]}
60. Kf5 {[%clk 0:00:08]} g3 {[%clk 0:00:21]} 61. Rxh3 {[%clk 0:00:09]} g2
{[%clk 0:00:23]} 62. Rh7+ {[%clk 0:00:10]} Kxb6 {[%clk 0:00:24]} 63. Rg7
{[%clk 0:00:12]} f3 {[%clk 0:00:21]} 64. Ke4 {[%clk 0:00:12]} f2 {[%clk 0:00:21]}
65. Rxg2 {[%clk 0:00:12]} f1=Q {[%clk 0:00:21]} 66. Rb2+ {[%clk 0:00:13]} Kxa7
{[%clk 0:00:21]} 67. Kd5 {[%clk 0:00:13]} Rd8+ {[%clk 0:00:21]} 68. Ke6
{[%clk 0:00:14]} Qc4+ {[%clk 0:00:20]} 69. Ke7 {[%clk 0:00:14]} Qc7+
{[%clk 0:00:21]} 70. Ke6 {[%clk 0:00:15]} Rd6+ {[%clk 0:00:22]} 71. Ke5
{[%clk 0:00:16]} Qe7+ {[%clk 0:00:23]} 72. Kf5 {[%clk 0:00:17]} Rf6+
{[%clk 0:00:24]} 73. Kg4 {[%clk 0:00:18]} Qg7+ {[%clk 0:00:25]} 74. Kh3
{[%clk 0:00:19]} Rh6# {[%clk 0:00:27]} 0-1